000 00627cab a2200253 4500
001 X598
008 090401t1993 xxu||||| |||| 00| 0 eng d
035 _a(Sirsi) u66483
041 _aeng
245 _aProperty as a going concern
260 _c1993
350 _a0
490 _aCSW - The Property Week
_v43(3) 15 April 1993, 46(1)
650 _aGOING CONCERN
650 _aMORLAND & CO
650 _aPROFESSIONAL BRIEFING
650 _aPROPERTY TRANSFER
650 _aGOLD OAK PARTNERSHIP
650 _aVAT TRIBUNALS
650 _aVALUE ADDED TAX
690 _aTAXATION
942 _n0
948 _c04/03/1997
999 _c41535
_d41535